01520cam a2200313 a 4500999001700000001000900017005001700026008004100043010001700084020003100101020002800132035002400160041001300184050002200197100002200219245008700241260005200328300004400380500012000424504005400544505028300598600004700881650003600928700003400964700002600998710002501024942003401049952012301083 c24669d246691552973520170130085806.0081120s2009 dcua bc 000 0 eng  a 2008050724 a9780943044347 (alk. paper) a0943044340 (alk. paper) a(OCoLC)ocn2762746831 aenghita00aND623.M687A4 20091 aFergonzi, Flavio.10aMorandi :bmaster of modern still life /cFlavio Fergonzi and Elisabetta Barisoni. aWashington, D.C. :bPhillips Collection,c2009. a125 p. :bill. (chiefly col.) ;c23 cm. aPublished on the occasion of an exhibition held at the Phillips Collection, Washington, D.C., Feb. 21-May 24, 2009. aIncludes bibliographical references (p. 123-125).0 aForeword / Gabriella Belli -- Preface / Dorothy Kosinski -- Giorgio Morandi : criticism, cities, sources, series / Fabio Fergonzi -- Morandi in the United States : exhibitions, galleries, memories / Elisabetta Barisoni -- Works -- List of illustrations -- Selected bibliography.10aMorandi, Giorgio,d1890-1964vExhibitions. 0aStill-life in artvExhibitions.1 aMorandi, Giorgio,d1890-1964.1 aBarisoni, Elisabetta.2 aPhillips Collection. 2lcccBOOKShND623.M687A4 2009 00102lcc4070aMUCbMUCcTECHd2017-01-30eDonation(BFA)l0oND623.M687A4 2009p31967r2018-07-07w2017-01-30yBOOKS